000 00666nam a2200217 4500
003 OSt
005 20240727015645.0
006 a
008 240727b |||||||| |||| 00| 0 eng d
020 _a9710489626
040 _aDWCL-Main lib.
_cOC
082 _22010 revised edition
_aCirc. 657.45 C117a 2010
100 _aCabrera, Ma. Elenita Balatbat
245 _aApplied auditing /
250 _a2010 revised edition
260 _aManila :
_bGIC Enterprises & Co., Inc.,
_cc2010.
300 _axiii,
_b897 p. : ill. ;
_c23 cm.
504 _aIncludes bibliographical references.
650 _a1. Auditing.
942 _2ddc
_n0
_cBK - FIL
_e2010 revised edition
_kFil.
999 _c2846
_d2846